La ciencia en el aula: lo que nos dice la ciencia sobre cómo enseñarla
Saved in:
| Main Authors: | , , , |
|---|---|
| Format: | Bog |
| Sprog: | spansk |
| Udgivet: |
Buenos Aires
Siglo Veintiuno Editores
2018
|
| Udgivelse: | 1a. ed |
| Serier: | Colección que Aprende
|
| Fag: | |
| Tags: |
Tilføj Tag
Ingen Tags, Vær først til at tagge denne postø!
|
MARC
| LEADER | 00000cam a2200000 a 4500 | ||
|---|---|---|---|
| 001 | UCC5537 | ||
| 003 | CL-VaPUC | ||
| 005 | 20210327001505.0 | ||
| 008 | 181012e20180000ag |||||||||||||||||spa|d | ||
| 020 | |a 9789876298100 | ||
| 040 | |c Pontificia Universidad Católica de Valparaíso | ||
| 082 | 0 | 4 | |a 372.35 |b GEL |2 21 |
| 100 | 0 | |a Gellon, Gabriel |e author |9 225 | |
| 245 | 1 | 3 | |a La ciencia en el aula: lo que nos dice la ciencia sobre cómo enseñarla |
| 250 | |a 1a. ed | ||
| 260 | |a Buenos Aires |b Siglo Veintiuno Editores |c 2018 | ||
| 300 | |a 283 p | ||
| 490 | 0 | |a Colección que Aprende | |
| 583 | |a last modification |c 20181012 13:26:00 |k Rodrigo Vera | ||
| 650 | 0 | |a Filosofía de las ciencias |9 256466 | |
| 650 | 0 | |a Didáctica |9 369923 | |
| 700 | 0 | |a Rosenvasser Feher, Elsa |e author |9 599854 | |
| 700 | 0 | |a Furman, Melina |e author |9 599855 | |
| 700 | 0 | |a Golombek, Diego |e author |9 599856 | |
| 942 | |c BK | ||
| 945 | |d 20181012 13:26:00 |a dcastane | ||
| 999 | |c 372729 |d 372727 | ||
| 952 | |0 0 |1 0 |3 erb |4 0 |6 372_350000000000000_GEL_2018 |7 0 |8 A |9 490505 |a BIBCUR |b BIBCUR |i 5506948 |l 1 |o 372.35 GEL 2018 |p 5506948 |r 2025-04-22 |s 2023-03-27 |w 2019-11-24 |y BK |z Catalogado en:20181012 |k MDC | ||
| 952 | |0 0 |1 0 |3 erb |4 0 |6 372_350000000000000_GEL_2018 |7 0 |8 A |9 490506 |a BIBCUR |b BIBCUR |i 550693K |l 1 |o 372.35 GEL 2018 |p 550693K |r 2025-04-22 |s 2023-05-24 |w 2019-11-24 |y BK |z Catalogado en:20181012 |k MDC | ||
| 952 | |0 0 |1 0 |3 erb |4 0 |6 372_350000000000000_GEL_2018 |7 0 |8 A |9 490507 |a BIBCUR |b BIBCUR |i 5506921 |l 2 |o 372.35 GEL 2018 |p 5506921 |r 2025-05-08 |s 2025-05-08 |w 2019-11-24 |y BK |z Catalogado en:20181012 |k MDC | ||
| 952 | |0 0 |1 0 |3 erb |4 0 |6 372_350000000000000_GEL_2018 |7 0 |8 A |9 490508 |a BIBCUR |b BIBCUR |i 5506913 |l 1 |o 372.35 GEL 2018 |p 5506913 |r 2025-04-22 |s 2023-03-14 |w 2019-11-24 |y BK |z Catalogado en:20181012 |k MDC | ||
| 952 | |0 0 |1 0 |3 erb |4 0 |6 372_350000000000000_GEL_2018 |7 0 |8 A |9 490509 |a BIBEDU |b BIBEDU |i 5557615 |l 4 |o 372.35 GEL 2018 |p 5557615 |r 2023-11-06 |s 2023-10-26 |w 2019-11-24 |y BK |z Catalogado en:20190814 |k EBA | ||
| 952 | |0 0 |1 0 |3 erb |4 0 |6 372_350000000000000_GEL_2018 |7 0 |8 A |9 490510 |a BIBEDU |b BIBEDU |i 5557623 |o 372.35 GEL 2018 |p 5557623 |r 2019-11-24 |w 2019-11-24 |y BK |z Catalogado en:20190814 |k EBA | ||
| 952 | |0 0 |1 0 |3 erb |4 0 |6 372_350000000000000_GEL_2018 |7 0 |8 A |9 490511 |a BIBEDU |b BIBEDU |i 5557631 |l 1 |o 372.35 GEL 2018 |p 5557631 |r 2023-11-27 |s 2023-11-16 |w 2019-11-24 |y BK |z Catalogado en:20190814 |k EBA | ||